000 01459nam a2200373Ia 4500
001 ebr10594846
003 CaPaEBR
006 m o u
007 cr cn|||||||||
008 140710t2003 nyua sb 001 0 eng
010 _z 2002036480
020 _z079145813X (acid-free paper)
020 _z0791458148 (pbk. : acid-free paper)
020 _z9780791458136
020 _z9780791486481
040 _aCaPaEBR
_cCaPaEBR
035 _a(OCoLC)811410544
050 1 4 _aQ158.5
_b.P38 2003eb
082 0 4 _a303.48/3/0905
_221
245 0 2 _aA parliament of science
_h[electronic resource] :
_bscience for the 21st century /
_cedited by Michael Tobias, Teun Timmers, Gill Wright.
260 _aAlbany :
_bState University of New York Press,
_cc2003.
300 _avii, 171 p. :
_bill.
504 _aIncludes bibliographical references (p. 163) and index.
533 _aElectronic reproduction.
_bPalo Alto, Calif. :
_cebrary,
_d2014.
_nAvailable via World Wide Web.
_nAccess may be limited to ebrary affiliated libraries.
650 0 _aScience
_xForecasting.
650 0 _aTechnological forecasting.
650 0 _aTwenty-first century
_vForecasts.
655 7 _aElectronic books.
_2local
700 1 _aTobias, Michael.
700 1 _aTimmers, Teun.
700 1 _aWright, Gill.
710 2 _aebrary, Inc.
856 4 0 _uhttp://site.ebrary.com/lib/rucke/Doc?id=10594846
_zAn electronic book accessible through the World Wide Web; click to view
999 _c112324
_d112324